000
00210 a2200097 4500
001
3452
100
_a
Mises, L V
245
_a
Tree & prosperous commonwealth
260
_a
_b
D Van Nost
_c
090
_c
2718
_d
2718
942
_a
NUST-CAE
_c
M
_c
19091
999
_c
238525
_d
238525